Guess the Movie from the Cast #4 - Statistics

General Stats
  • This quiz has been taken 234 times
  • The average score is 7 of 10
Answer Stats
Hint Answer % Correct
Mark Hamill / Harrison Ford / Carrie Fisher / Peter Cushing Star Wars
90%
Arnold Schwarzenegger / Michael Biehn / Linda Hamilton / Paul Winfield The Terminator
85%
Robert De Niro / Ray Liotta / Joe Pesci / Lorraine Bracco Goodfellas
81%
Gal Gadot / Chris Pine / Robin Wright / Danny Huston Wonder Woman
81%
Jesse Eisenberg / Andrew Garfield / Justin Timberlake / Armie Hammer The Social Network
76%
Jonah Hill / Michael Cera / Christopher Mintz-Plasse / Seth Rogen Superbad
68%
Matthew McConaughey / Anne Hathaway / Jessica Chastain / Bill Irwin Interstellar
67%
Clint Eastwood / Eli Wallach / Lee Van Cleef / Aldo Giuffrè The Good, the Bad and the Ugly
63%
Ansel Elgort / Kevin Spacey / Lily James / Jon Hamm Baby Driver
51%
Simon Pegg / Nick Frost / Jim Broadbent / Timothy Dalton Hot Fuzz
50%
No matching quizzes found
Score Distribution
Percent of People with Each Score
Percentile by Number Answered
Your Score History
You have not taken this quiz